"Go ye" means you : (Record no. 642)

MARC details
000 -LEADER
fixed length control field 00660nam a2200217I 4500
001 - CONTROL NUMBER
control field 24032
003 - CONTROL NUMBER IDENTIFIER
control field GBCCL
005 - DATE AND TIME OF LATEST TRANSACTION
control field 20241126110342.0
008 - FIXED-LENGTH DATA ELEMENTS--GENERAL INFORMATION
fixed length control field 780427s1962 xx 000 0 eng d
035 ## - SYSTEM CONTROL NUMBER
System control number (OCoLC)03833828
040 ## - CATALOGING SOURCE
Original cataloging agency TLT
Transcribing agency TLT
049 ## -
-- LBBK
082 ## - DEWEY DECIMAL CLASSIFICATION NUMBER
Classification number 266
Item number LEW
092 ## - LOCALLY ASSIGNED DEWEY CALL NUMBER (OCLC)
Classification number 266.52
Item number L675
100 1# - MAIN ENTRY--PERSONAL NAME
Personal name Lewis, Norman,
Dates associated with a name 1903-
9 (RLIN) 4942
245 10 - TITLE STATEMENT
Title "Go ye" means you :
Remainder of title and other missionary messages /
Statement of responsibility, etc. by Norman Lewis. Introduction by Rev. Albert D. Helser. --
260 ## - PUBLICATION, DISTRIBUTION, ETC.
Place of publication, distribution, etc. Lincoln, Nebraska :
Name of publisher, distributor, etc. Back to the Bible Publishers
Date of publication, distribution, etc. [c1962]
300 ## - PHYSICAL DESCRIPTION
Extent 123 p. :
Dimensions 18 cm.
650 #0 - SUBJECT ADDED ENTRY--TOPICAL TERM
Topical term or geographic name entry element Missions
General subdivision Biblical teaching.
9 (RLIN) 481
942 ## - ADDED ENTRY ELEMENTS (KOHA)
Source of classification or shelving scheme Dewey Decimal Classification
Koha item type Books
Koha issues (borrowed), all copies 1
Holdings
Withdrawn status Lost status Source of classification or shelving scheme Damaged status Not for loan Home library Current Library Shelving location Date acquired Total checkouts Full call number Barcode Date last seen Copy number Price effective from Koha item type Date last checked out
    Dewey Decimal Classification     GRACE BIBLE COLLEGE GRACE BIBLE COLLEGE Ministry & Mission 2016-11-30   266 LEW 000471 2022-06-07 c.1 2016-11-30 Books  
    Dewey Decimal Classification     GRACE BIBLE COLLEGE GRACE BIBLE COLLEGE Ministry & Mission 2017-05-26   266 LEW 000516 2025-05-01 c.2 2017-05-26 Books  
    Dewey Decimal Classification     GRACE BIBLE COLLEGE GRACE BIBLE COLLEGE Ministry & Mission 2017-05-26 1 266 LEW 000517 2025-05-01 c.3 2017-05-26 Books 2019-03-15
© Grace Bible College Library 2025